<?xml version="1.0" encoding="UTF-8"?>
<record
    xmlns:xsi="http://www.w3.org/2001/XMLSchema-instance"
    xsi:schemaLocation="http://www.loc.gov/MARC21/slim http://www.loc.gov/standards/marcxml/schema/MARC21slim.xsd"
    xmlns="http://www.loc.gov/MARC21/slim">

  <leader>00584nam a2200205Ia 4500</leader>
  <datafield tag="999" ind1=" " ind2=" ">
    <subfield code="c">65599</subfield>
    <subfield code="d">65599</subfield>
  </datafield>
  <controlfield tag="003">GCL</controlfield>
  <controlfield tag="005">20240530110833.0</controlfield>
  <controlfield tag="008">140319s9999    xx            000 0 ara d</controlfield>
  <datafield tag="020" ind1=" " ind2=" ">
    <subfield code="a">9754540012</subfield>
  </datafield>
  <datafield tag="040" ind1=" " ind2=" ">
    <subfield code="a">GCL / </subfield>
    <subfield code="c">GCL</subfield>
  </datafield>
  <datafield tag="082" ind1="0" ind2="4">
    <subfield code="a">235\</subfield>
    <subfield code="b">&#x62F; &#x643;</subfield>
    <subfield code="2">21</subfield>
  </datafield>
  <datafield tag="110" ind1="0" ind2=" ">
    <subfield code="a">&#x62F;&#x627;&#x631; &#x633;&#x62D;&#x646;&#x648;&#x646;</subfield>
  </datafield>
  <datafield tag="245" ind1="1" ind2="0">
    <subfield code="a">&#x645;&#x648;&#x633;&#x648;&#x639;&#x629; &#x627;&#x644;&#x633;&#x646;&#x629; : </subfield>
    <subfield code="b">&#x627;&#x644;&#x643;&#x62A;&#x628; &#x627;&#x644;&#x633;&#x62A;&#x629; &#x648;&#x634;&#x631;&#x648;&#x62D;&#x647;&#x627; /</subfield>
    <subfield code="c">&#x62F;&#x627;&#x631; &#x633;&#x62D;&#x646;&#x648;&#x646;</subfield>
  </datafield>
  <datafield tag="250" ind1=" " ind2=" ">
    <subfield code="a">&#x637;.2</subfield>
  </datafield>
  <datafield tag="260" ind1=" " ind2=" ">
    <subfield code="a">[S.N] : </subfield>
    <subfield code="b">&#x62F;&#x627;&#x631; &#x633;&#x62D;&#x646;&#x648;&#x646; &#x60C; </subfield>
    <subfield code="c">1992</subfield>
  </datafield>
  <datafield tag="300" ind1=" " ind2=" ">
    <subfield code="a">23 &#x62C;&#x632;&#x621; &#x61B;</subfield>
    <subfield code="c">24 &#x633;&#x645;.</subfield>
  </datafield>
  <datafield tag="650" ind1="0" ind2="7">
    <subfield code="a">&#x634;&#x631;&#x62D; &#x627;&#x644;&#x62D;&#x62F;&#x64A;&#x62B;</subfield>
  </datafield>
  <datafield tag="650" ind1="0" ind2="7">
    <subfield code="a">&#x635;&#x62D;&#x64A;&#x62D; &#x645;&#x633;&#x644;&#x645;</subfield>
  </datafield>
  <datafield tag="942" ind1=" " ind2=" ">
    <subfield code="2">ddc</subfield>
    <subfield code="c">BK</subfield>
  </datafield>
  <datafield tag="952" ind1=" " ind2=" ">
    <subfield code="0">0</subfield>
    <subfield code="1">0</subfield>
    <subfield code="2">ddc</subfield>
    <subfield code="4">0</subfield>
    <subfield code="7">0</subfield>
    <subfield code="a">CAI</subfield>
    <subfield code="b">CAI</subfield>
    <subfield code="c">MAIN-LIBRARY</subfield>
    <subfield code="d">2019-10-01</subfield>
    <subfield code="l">0</subfield>
    <subfield code="o">235\ &#x62F; &#x643;</subfield>
    <subfield code="p">166522</subfield>
    <subfield code="r">2019-10-01 00:00:00</subfield>
    <subfield code="w">2019-10-01</subfield>
    <subfield code="y">BK</subfield>
  </datafield>
  <datafield tag="952" ind1=" " ind2=" ">
    <subfield code="0">0</subfield>
    <subfield code="1">0</subfield>
    <subfield code="2">ddc</subfield>
    <subfield code="4">0</subfield>
    <subfield code="7">0</subfield>
    <subfield code="a">CAI</subfield>
    <subfield code="b">CAI</subfield>
    <subfield code="c">MAIN-LIBRARY</subfield>
    <subfield code="d">2019-10-01</subfield>
    <subfield code="l">0</subfield>
    <subfield code="o">235\ &#x62F; &#x643;</subfield>
    <subfield code="p">166523</subfield>
    <subfield code="r">2019-10-01 00:00:00</subfield>
    <subfield code="w">2019-10-01</subfield>
    <subfield code="y">BK</subfield>
  </datafield>
  <datafield tag="952" ind1=" " ind2=" ">
    <subfield code="0">0</subfield>
    <subfield code="1">0</subfield>
    <subfield code="2">ddc</subfield>
    <subfield code="4">0</subfield>
    <subfield code="7">0</subfield>
    <subfield code="a">CAI</subfield>
    <subfield code="b">CAI</subfield>
    <subfield code="c">MAIN-LIBRARY</subfield>
    <subfield code="d">2019-10-01</subfield>
    <subfield code="l">0</subfield>
    <subfield code="o">235\ &#x62F; &#x643;</subfield>
    <subfield code="p">166524</subfield>
    <subfield code="r">2019-10-01 00:00:00</subfield>
    <subfield code="w">2019-10-01</subfield>
    <subfield code="y">BK</subfield>
  </datafield>
  <datafield tag="952" ind1=" " ind2=" ">
    <subfield code="0">0</subfield>
    <subfield code="1">0</subfield>
    <subfield code="2">ddc</subfield>
    <subfield code="4">0</subfield>
    <subfield code="7">0</subfield>
    <subfield code="a">CAI</subfield>
    <subfield code="b">CAI</subfield>
    <subfield code="c">MAIN-LIBRARY</subfield>
    <subfield code="d">2019-10-01</subfield>
    <subfield code="l">0</subfield>
    <subfield code="o">235\ &#x62F; &#x643;</subfield>
    <subfield code="p">166525</subfield>
    <subfield code="r">2019-10-01 00:00:00</subfield>
    <subfield code="w">2019-10-01</subfield>
    <subfield code="y">BK</subfield>
  </datafield>
  <datafield tag="952" ind1=" " ind2=" ">
    <subfield code="0">0</subfield>
    <subfield code="1">0</subfield>
    <subfield code="2">ddc</subfield>
    <subfield code="4">0</subfield>
    <subfield code="7">0</subfield>
    <subfield code="a">CAI</subfield>
    <subfield code="b">CAI</subfield>
    <subfield code="c">MAIN-LIBRARY</subfield>
    <subfield code="d">2019-10-01</subfield>
    <subfield code="l">0</subfield>
    <subfield code="o">235\ &#x62F; &#x643;</subfield>
    <subfield code="p">166526</subfield>
    <subfield code="r">2019-10-01 00:00:00</subfield>
    <subfield code="w">2019-10-01</subfield>
    <subfield code="y">BK</subfield>
  </datafield>
  <datafield tag="952" ind1=" " ind2=" ">
    <subfield code="0">0</subfield>
    <subfield code="1">0</subfield>
    <subfield code="2">ddc</subfield>
    <subfield code="4">0</subfield>
    <subfield code="7">0</subfield>
    <subfield code="a">CAI</subfield>
    <subfield code="b">CAI</subfield>
    <subfield code="c">MAIN-LIBRARY</subfield>
    <subfield code="d">2019-10-01</subfield>
    <subfield code="l">0</subfield>
    <subfield code="o">235\ &#x62F; &#x643;</subfield>
    <subfield code="p">166527</subfield>
    <subfield code="r">2019-10-01 00:00:00</subfield>
    <subfield code="w">2019-10-01</subfield>
    <subfield code="y">BK</subfield>
  </datafield>
  <datafield tag="952" ind1=" " ind2=" ">
    <subfield code="0">0</subfield>
    <subfield code="1">0</subfield>
    <subfield code="2">ddc</subfield>
    <subfield code="4">0</subfield>
    <subfield code="7">0</subfield>
    <subfield code="a">CAI</subfield>
    <subfield code="b">CAI</subfield>
    <subfield code="c">MAIN-LIBRARY</subfield>
    <subfield code="d">2019-10-01</subfield>
    <subfield code="l">0</subfield>
    <subfield code="o">235\ &#x62F; &#x643;</subfield>
    <subfield code="p">166528</subfield>
    <subfield code="r">2019-10-01 00:00:00</subfield>
    <subfield code="w">2019-10-01</subfield>
    <subfield code="y">BK</subfield>
  </datafield>
  <datafield tag="952" ind1=" " ind2=" ">
    <subfield code="0">0</subfield>
    <subfield code="1">0</subfield>
    <subfield code="2">ddc</subfield>
    <subfield code="4">0</subfield>
    <subfield code="7">0</subfield>
    <subfield code="a">CAI</subfield>
    <subfield code="b">CAI</subfield>
    <subfield code="c">MAIN-LIBRARY</subfield>
    <subfield code="d">2019-10-01</subfield>
    <subfield code="l">0</subfield>
    <subfield code="o">235\ &#x62F; &#x643;</subfield>
    <subfield code="p">166529</subfield>
    <subfield code="r">2019-10-01 00:00:00</subfield>
    <subfield code="w">2019-10-01</subfield>
    <subfield code="y">BK</subfield>
  </datafield>
  <datafield tag="952" ind1=" " ind2=" ">
    <subfield code="0">0</subfield>
    <subfield code="1">0</subfield>
    <subfield code="2">ddc</subfield>
    <subfield code="4">0</subfield>
    <subfield code="7">0</subfield>
    <subfield code="a">CAI</subfield>
    <subfield code="b">CAI</subfield>
    <subfield code="c">MAIN-LIBRARY</subfield>
    <subfield code="d">2019-10-01</subfield>
    <subfield code="l">0</subfield>
    <subfield code="o">235\ &#x62F; &#x643;</subfield>
    <subfield code="p">166530</subfield>
    <subfield code="r">2019-10-01 00:00:00</subfield>
    <subfield code="w">2019-10-01</subfield>
    <subfield code="y">BK</subfield>
  </datafield>
  <datafield tag="952" ind1=" " ind2=" ">
    <subfield code="0">0</subfield>
    <subfield code="1">0</subfield>
    <subfield code="2">ddc</subfield>
    <subfield code="4">0</subfield>
    <subfield code="7">0</subfield>
    <subfield code="a">CAI</subfield>
    <subfield code="b">CAI</subfield>
    <subfield code="c">MAIN-LIBRARY</subfield>
    <subfield code="d">2019-10-01</subfield>
    <subfield code="l">0</subfield>
    <subfield code="o">235\ &#x62F; &#x643;</subfield>
    <subfield code="p">166531</subfield>
    <subfield code="r">2019-10-01 00:00:00</subfield>
    <subfield code="w">2019-10-01</subfield>
    <subfield code="y">BK</subfield>
  </datafield>
  <datafield tag="952" ind1=" " ind2=" ">
    <subfield code="0">0</subfield>
    <subfield code="1">0</subfield>
    <subfield code="2">ddc</subfield>
    <subfield code="4">0</subfield>
    <subfield code="7">0</subfield>
    <subfield code="a">CAI</subfield>
    <subfield code="b">CAI</subfield>
    <subfield code="c">MAIN-LIBRARY</subfield>
    <subfield code="d">2019-10-01</subfield>
    <subfield code="l">0</subfield>
    <subfield code="o">235\ &#x62F; &#x643;</subfield>
    <subfield code="p">166532</subfield>
    <subfield code="r">2019-10-01 00:00:00</subfield>
    <subfield code="w">2019-10-01</subfield>
    <subfield code="y">BK</subfield>
  </datafield>
  <datafield tag="952" ind1=" " ind2=" ">
    <subfield code="0">0</subfield>
    <subfield code="1">0</subfield>
    <subfield code="2">ddc</subfield>
    <subfield code="4">0</subfield>
    <subfield code="7">0</subfield>
    <subfield code="a">CAI</subfield>
    <subfield code="b">CAI</subfield>
    <subfield code="c">MAIN-LIBRARY</subfield>
    <subfield code="d">2019-10-01</subfield>
    <subfield code="l">0</subfield>
    <subfield code="o">235\ &#x62F; &#x643;</subfield>
    <subfield code="p">166533</subfield>
    <subfield code="r">2019-10-01 00:00:00</subfield>
    <subfield code="w">2019-10-01</subfield>
    <subfield code="y">BK</subfield>
  </datafield>
  <datafield tag="952" ind1=" " ind2=" ">
    <subfield code="0">0</subfield>
    <subfield code="1">0</subfield>
    <subfield code="2">ddc</subfield>
    <subfield code="4">0</subfield>
    <subfield code="7">0</subfield>
    <subfield code="a">CAI</subfield>
    <subfield code="b">CAI</subfield>
    <subfield code="c">MAIN-LIBRARY</subfield>
    <subfield code="d">2019-10-01</subfield>
    <subfield code="l">0</subfield>
    <subfield code="o">235\ &#x62F; &#x643;</subfield>
    <subfield code="p">166534</subfield>
    <subfield code="r">2019-10-01 00:00:00</subfield>
    <subfield code="w">2019-10-01</subfield>
    <subfield code="y">BK</subfield>
  </datafield>
  <datafield tag="952" ind1=" " ind2=" ">
    <subfield code="0">0</subfield>
    <subfield code="1">0</subfield>
    <subfield code="2">ddc</subfield>
    <subfield code="4">0</subfield>
    <subfield code="7">0</subfield>
    <subfield code="a">CAI</subfield>
    <subfield code="b">CAI</subfield>
    <subfield code="c">MAIN-LIBRARY</subfield>
    <subfield code="d">2019-10-01</subfield>
    <subfield code="l">0</subfield>
    <subfield code="o">235\ &#x62F; &#x643;</subfield>
    <subfield code="p">166535</subfield>
    <subfield code="r">2019-10-01 00:00:00</subfield>
    <subfield code="w">2019-10-01</subfield>
    <subfield code="y">BK</subfield>
  </datafield>
  <datafield tag="952" ind1=" " ind2=" ">
    <subfield code="0">0</subfield>
    <subfield code="1">0</subfield>
    <subfield code="2">ddc</subfield>
    <subfield code="4">0</subfield>
    <subfield code="7">0</subfield>
    <subfield code="a">CAI</subfield>
    <subfield code="b">CAI</subfield>
    <subfield code="c">MAIN-LIBRARY</subfield>
    <subfield code="d">2019-10-01</subfield>
    <subfield code="l">0</subfield>
    <subfield code="o">235\ &#x62F; &#x643;</subfield>
    <subfield code="p">166536</subfield>
    <subfield code="r">2019-10-01 00:00:00</subfield>
    <subfield code="w">2019-10-01</subfield>
    <subfield code="y">BK</subfield>
  </datafield>
  <datafield tag="952" ind1=" " ind2=" ">
    <subfield code="0">0</subfield>
    <subfield code="1">0</subfield>
    <subfield code="2">ddc</subfield>
    <subfield code="4">0</subfield>
    <subfield code="7">0</subfield>
    <subfield code="a">CAI</subfield>
    <subfield code="b">CAI</subfield>
    <subfield code="c">MAIN-LIBRARY</subfield>
    <subfield code="d">2019-10-01</subfield>
    <subfield code="l">0</subfield>
    <subfield code="o">235\ &#x62F; &#x643;</subfield>
    <subfield code="p">166537</subfield>
    <subfield code="r">2019-10-01 00:00:00</subfield>
    <subfield code="w">2019-10-01</subfield>
    <subfield code="y">BK</subfield>
  </datafield>
  <datafield tag="952" ind1=" " ind2=" ">
    <subfield code="0">0</subfield>
    <subfield code="1">0</subfield>
    <subfield code="2">ddc</subfield>
    <subfield code="4">0</subfield>
    <subfield code="7">0</subfield>
    <subfield code="a">CAI</subfield>
    <subfield code="b">CAI</subfield>
    <subfield code="c">MAIN-LIBRARY</subfield>
    <subfield code="d">2019-10-01</subfield>
    <subfield code="l">0</subfield>
    <subfield code="o">235\ &#x62F; &#x643;</subfield>
    <subfield code="p">166538</subfield>
    <subfield code="r">2019-10-01 00:00:00</subfield>
    <subfield code="w">2019-10-01</subfield>
    <subfield code="y">BK</subfield>
  </datafield>
  <datafield tag="952" ind1=" " ind2=" ">
    <subfield code="0">0</subfield>
    <subfield code="1">0</subfield>
    <subfield code="2">ddc</subfield>
    <subfield code="4">0</subfield>
    <subfield code="7">0</subfield>
    <subfield code="a">CAI</subfield>
    <subfield code="b">CAI</subfield>
    <subfield code="c">MAIN-LIBRARY</subfield>
    <subfield code="d">2019-10-01</subfield>
    <subfield code="l">0</subfield>
    <subfield code="o">235\ &#x62F; &#x643;</subfield>
    <subfield code="p">166539</subfield>
    <subfield code="r">2019-10-01 00:00:00</subfield>
    <subfield code="w">2019-10-01</subfield>
    <subfield code="y">BK</subfield>
  </datafield>
  <datafield tag="952" ind1=" " ind2=" ">
    <subfield code="0">0</subfield>
    <subfield code="1">0</subfield>
    <subfield code="2">ddc</subfield>
    <subfield code="4">0</subfield>
    <subfield code="7">0</subfield>
    <subfield code="a">CAI</subfield>
    <subfield code="b">CAI</subfield>
    <subfield code="c">MAIN-LIBRARY</subfield>
    <subfield code="d">2019-10-01</subfield>
    <subfield code="l">0</subfield>
    <subfield code="o">235\ &#x62F; &#x643;</subfield>
    <subfield code="p">166540</subfield>
    <subfield code="r">2019-10-01 00:00:00</subfield>
    <subfield code="w">2019-10-01</subfield>
    <subfield code="y">BK</subfield>
  </datafield>
  <datafield tag="952" ind1=" " ind2=" ">
    <subfield code="0">0</subfield>
    <subfield code="1">0</subfield>
    <subfield code="2">ddc</subfield>
    <subfield code="4">0</subfield>
    <subfield code="7">0</subfield>
    <subfield code="a">CAI</subfield>
    <subfield code="b">CAI</subfield>
    <subfield code="c">MAIN-LIBRARY</subfield>
    <subfield code="d">2019-10-01</subfield>
    <subfield code="l">0</subfield>
    <subfield code="o">235\ &#x62F; &#x643;</subfield>
    <subfield code="p">166541</subfield>
    <subfield code="r">2019-10-01 00:00:00</subfield>
    <subfield code="w">2019-10-01</subfield>
    <subfield code="y">BK</subfield>
  </datafield>
  <datafield tag="952" ind1=" " ind2=" ">
    <subfield code="0">0</subfield>
    <subfield code="1">0</subfield>
    <subfield code="2">ddc</subfield>
    <subfield code="4">0</subfield>
    <subfield code="7">0</subfield>
    <subfield code="a">CAI</subfield>
    <subfield code="b">CAI</subfield>
    <subfield code="c">MAIN-LIBRARY</subfield>
    <subfield code="d">2019-10-01</subfield>
    <subfield code="l">0</subfield>
    <subfield code="o">235\ &#x62F; &#x643;</subfield>
    <subfield code="p">166542</subfield>
    <subfield code="r">2019-10-01 00:00:00</subfield>
    <subfield code="w">2019-10-01</subfield>
    <subfield code="y">BK</subfield>
  </datafield>
  <datafield tag="952" ind1=" " ind2=" ">
    <subfield code="0">0</subfield>
    <subfield code="1">0</subfield>
    <subfield code="2">ddc</subfield>
    <subfield code="4">0</subfield>
    <subfield code="7">0</subfield>
    <subfield code="a">CAI</subfield>
    <subfield code="b">CAI</subfield>
    <subfield code="c">MAIN-LIBRARY</subfield>
    <subfield code="d">2019-10-01</subfield>
    <subfield code="l">0</subfield>
    <subfield code="o">235\ &#x62F; &#x643;</subfield>
    <subfield code="p">166543</subfield>
    <subfield code="r">2019-10-01 00:00:00</subfield>
    <subfield code="w">2019-10-01</subfield>
    <subfield code="y">BK</subfield>
  </datafield>
  <datafield tag="952" ind1=" " ind2=" ">
    <subfield code="0">0</subfield>
    <subfield code="1">0</subfield>
    <subfield code="2">ddc</subfield>
    <subfield code="4">0</subfield>
    <subfield code="7">0</subfield>
    <subfield code="a">CAI</subfield>
    <subfield code="b">CAI</subfield>
    <subfield code="c">MAIN-LIBRARY</subfield>
    <subfield code="d">2019-10-01</subfield>
    <subfield code="l">0</subfield>
    <subfield code="o">235\ &#x62F; &#x643;</subfield>
    <subfield code="p">166544</subfield>
    <subfield code="r">2019-10-01 00:00:00</subfield>
    <subfield code="w">2019-10-01</subfield>
    <subfield code="y">BK</subfield>
  </datafield>
</record>
